Gazdasági és társadalmi koncepciók a politikai propagandában 1962-1980
Salvato in:
| Autore principale: | |
|---|---|
| Natura: | Libro |
| Lingua: | ungherese |
| Pubblicazione: |
Budapest
Központi statisztikai hivatal
1988
|
| Edizione: | 1. kiadás. |
| Serie: | Történeti statisztikai füzetek
9 |
| Tags: |
Nessun Tag, puoi essere il primo ad aggiungerne!!
|
MARC
| LEADER | 00000nam a2200000 4500 | ||
|---|---|---|---|
| 001 | c033614 | ||
| 005 | 20221219131409.3 | ||
| 041 | 0 | |a hun | |
| 044 | |a HU | ||
| 245 | 1 | 0 | |a Gazdasági és társadalmi koncepciók a politikai propagandában 1962-1980 |c László Reisz |
| 250 | |a 1. kiadás. | ||
| 264 | 1 | |a Budapest |b Központi statisztikai hivatal |c 1988 | |
| 300 | |a 136 s. | ||
| 490 | 1 | |a Történeti statisztikai füzetek |v 9 | |
| 830 | 0 | |a Történeti statisztikai füzetek |v 9 | |
| 100 | 1 | |a Reisz, László | |